000 00595nam a2200205Ia 4500
003 OSt
005 20240914091913.0
008 220927b |||||||| |||| 00| 0 eng d
020 _a0049210130
040 _aSDCL
_cSDCL
_beng
041 _2eng
_aeng
082 _aRxM72w, L1.2
100 _aRussell, Bertrand
245 0 _aAutobiography of Bertrand Russell:
_bVol-II 1914 - 1944/
260 _aLondon:
_bGeorge Allen And Unwin,
_c1971.
300 _a268p.
_ccm.
490 _vVolume - II.
942 _hRxM72w L1.2
_cTEXL
_2CC
999 _c798694
_d798694